| 000 | 01436cab a2200205 i 4500 | ||
|---|---|---|---|
| 001 | 768714001 | ||
| 003 | CO-MdFUSB | ||
| 005 | 20250718125903.0 | ||
| 008 | 170513t1997 cr ||||| |||| 00| 0 spa d | ||
| 040 |
_aCO-MdFUSB _bspa _cCO-MdFUSB _dCO-MdFUSB |
||
| 041 | _aspa | ||
| 100 | 1 |
_aSwindoll, Charles R. _eautor |
|
| 245 | 1 | 0 |
_a¿Para quién es la gloria? : _bcinco advertencias a todos los líderes cristianos. _c/ Charles R. Swindoll |
| 300 |
_aVolumen 14. Número 3 (1997), páginas 6-11 _c: 28 cm. |
||
| 520 | _aEl ser humano es la criatura más extraña de la tierra: Cuando uno lo palmea en la espalda, se le hincha el pecho. El éxito expone a un hombre a la presión de la gente y, por lo tanto, lo tienta a aferrarse a lo obtenido mediante métodos y practicas carnales. Cinco advertencias a quienes hacen parte en el servicio al Señor: 1. Cuidado cuando las batallas más grandes se libran más adentro que afuera. 2. Cuidado cuando un líder está más interesado en edificar su propio reino en vez del reino de Dios. 3. Cuidado cuando la ayuda del Señor ya no se considera esencial. 4. Cuidado cuando en vez de respetar la reprensión y las advertencias, las resistimos. 5. Cuidado con las consecuencias del pecado que ya no producen temor. | ||
| 650 | 0 |
_92014 _aLiderazgo |
|
| 773 | 0 |
_tApuntes Pastorales _049442 _960173 _gVolumen 14. Número 3 (1996), páginas 6-11 _qPágina 6 |
|
| 942 | _cANA | ||
| 945 | _aJTF-925 | ||
| 999 |
_c57373 _d57373 |
||